| 000 | 01173nam a2200301Ia 4500 | ||
|---|---|---|---|
| 001 | ebr10281498 | ||
| 003 | CaPaEBR | ||
| 006 | m u | ||
| 007 | cr cn||||||||| | ||
| 008 | 080721s2009 mau sb 001 0 eng d | ||
| 010 | _z 2008031290 | ||
| 020 | _z9781845934781 (alk. paper) | ||
| 040 |
_aCaPaEBR _cCaPaEBR |
||
| 035 | _a(OCoLC)646802871 | ||
| 050 | 1 | 4 |
_aSB942 _b.I57 2009eb |
| 082 | 0 | 4 |
_a632/.7 _222 |
| 245 | 0 | 0 |
_aInsect pathogens _h[electronic resource] : _bmolecular approaches and techniques / _cedited by S. Patricia Stock ... [et al.]. |
| 260 |
_aCambridge, MA : _bCABI, _c2009. |
||
| 300 | _axvi, 417 p. | ||
| 504 | _aIncludes bibliographical references and index. | ||
| 533 |
_aElectronic reproduction. _bPalo Alto, Calif. : _cebrary, _d2009. _nAvailable via World Wide Web. _nAccess may be limited to ebrary affiliated libraries. |
||
| 650 | 0 |
_aInsects _xPathogens. |
|
| 650 | 0 |
_aInsects _xMolecular aspects. |
|
| 655 | 7 |
_aElectronic books. _2local |
|
| 700 | 1 | _aStock, S. Patricia. | |
| 710 | 2 | _aebrary, Inc. | |
| 856 | 4 | 0 |
_uhttp://site.ebrary.com/lib/rucke/Doc?id=10281498 _zAn electronic book accessible through the World Wide Web; click to view |
| 999 |
_c3488 _d3488 |
||